NBA One-Franchise Workhorses - Statistics

General Stats
  • This quiz has been taken 21 times
  • The average score is 63 of 116
Answer Stats
Team Years Player % Correct
Houston Rockets 1985-2001 Hakeem Olajuwon
100%
Philadelphia 76ers 1997-2007, 2010 Allen Iverson
95%
Charlotte Hornets 1989-1998 Dell Curry
95%
Atlanta Hawks 1983-1994 Dominique Wilkins
95%
Golden State Warriors 2013-2026 Draymond Green
95%
Boston Celtics 1980-1992 Larry Bird
95%
Boston Celtics 1999-2013 Paul Pierce
95%
Indiana Pacers 1988-2005 Reggie Miller
95%
Golden State Warriors 2010-2026 Stephen Curry
95%
Portland Trail Blazers 1984-1995 Clyde Drexler
89%
Detroit Pistons 1982-1994 Isiah Thomas
89%
Los Angeles Lakers 1961-1974 Jerry West
89%
Boston Celtics 1963-1978 John Havlicek
89%
Utah Jazz 1986-2003 Karl Malone
89%
Boston Celtics 1981-1993 Kevin McHale
89%
Los Angeles Lakers 1980-1991, 1996 Magic Johnson
89%
San Antonio Spurs 1998-2016 Tim Duncan
89%
Boston Celtics 1957-1969 Bill Russell
84%
San Antonio Spurs 1990-2003 David Robinson
84%
Los Angeles Clippers 2009-2018 DeAndre Jordan
84%
Dallas Mavericks 1999-2019 Dirk Nowitzki
84%
Utah Jazz 1985-2003 John Stockton
84%
Minnesota Timberwolves 1996-2007, 2015-2016 Kevin Garnett
84%
Los Angeles Lakers 1997-2016 Kobe Bryant
84%
San Antonio Spurs 2003-2018 Manu Ginobili
84%
Chicago Bulls 1985-1993, 1996-1998 Michael Jordan
84%
Denver Nuggets 2016-2026 Nikola Jokic
84%
New York Knicks 1986-2000 Patrick Ewing
84%
Phoenix Suns 1997-1998, 2005-2012 Steve Nash
84%
San Antonio Spurs 2002-2018 Tony Parker
84%
Boston Celtics 1951-1963 Bob Cousy
79%
Portland Trail Blazers 2013-2023 Damian Lillard
79%
Miami Heat 2004-2019 Dwyane Wade
79%
Oklahoma City Thunder 1991-2003 Gary Payton
79%
Los Angeles Lakers 1976-1989 Kareem Abdul-Jabbar
79%
Golden State Warriors 2012-2019, 2022-2024 Klay Thompson
79%
Cleveland Cavaliers 2004-2010, 2015-2018 LeBron James
79%
Memphis Grizzlies 2009-2019 Marc Gasol
79%
Sacramento Kings 1961-1970 Oscar Robertson
79%
Boston Celtics 1981-1994 Robert Parish
79%
Oklahoma City Thunder 2009-2019 Russell Westbrook
79%
Chicago Bulls 1988-1998, 2004 Scottie Pippen
79%
Cleveland Cavaliers 2012-2020, 2024-2025 Tristan Thompson
79%
Detroit Pistons 1982-1991 Vinnie Johnson
79%
Atlanta Hawks 1955-1965 Bob Pettit
74%
Milwaukee Bucks 2014-2026 Giannis Antetokounmpo
74%
Detroit Pistons 1986-1999 Joe Dumars
74%
Philadelphia 76ers 1977-1987 Julius Erving
74%
Dallas Mavericks 1981-1992 Brad Davis
68%
Golden State Warriors 1986-1997, 2001 Chris Mullin
68%
Los Angeles Lakers 1983-1994 James Worthy
68%
Milwaukee Bucks 2014-2025 Khris Middleton
68%
Boston Celtics 1958-1969 Sam Jones
68%
Phoenix Suns 1978-1988 Walter Davis
68%
Denver Nuggets 1980-1990 Alex English
63%
Detroit Pistons 1982-1994 Bill Laimbeer
63%
Cleveland Cavaliers 1971-1980 Bingo Smith
63%
Los Angeles Lakers 1997-2004, 2008-2012 Derek Fisher
63%
Miami Heat 2004-2023 Udonis Haslem
63%
New York Knicks 1968-1977 Walt Frazier
63%
Washington Wizards 1969-1981 Wes Unseld
63%
Boston Celtics 1970-1979 Jo Jo White
58%
Indiana Pacers 1989-2000 Rik Smits
58%
Los Angeles Lakers 1959-1972 Elgin Baylor
53%
Los Angeles Lakers 1984-1993, 1997 Byron Scott
47%
Utah Jazz 1983-1993 Mark Eaton
47%
Los Angeles Lakers 1979-1990 Michael Cooper
47%
Memphis Grizzlies 2008-2019 Mike Conley
47%
New York Knicks 1968-1969, 1971-1978 Phil Jackson
47%
New York Knicks 1968-1977 Bill Bradley
42%
New York Knicks 1989-1998 Charles Oakley
42%
Philadelphia 76ers 1950-1964 Dolph Schayes
42%
Phoenix Suns 1976-1988 Alvan Adams
37%
Houston Rockets 1971-1983 Calvin Murphy
37%
Boston Celtics 1971-1980 Dave Cowens
37%
Dallas Mavericks 1984-1994, 1997 Derek Harper
37%
Oklahoma City Thunder 1972-1984 Fred Brown
37%
Philadelphia 76ers 1979-1989 Maurice Cheeks
37%
Cleveland Cavaliers 1998-2010 Zydrunas Ilgauskas
37%
Philadelphia 76ers 1959-1973 Hal Greer
32%
Atlanta Hawks 1967-1977 Lou Hudson
32%
Golden State Warriors 1964-1974 Nate Thurmond
32%
Portland Trail Blazers 1986-1995 Terry Porter
32%
Dallas Mavericks 2015-2026 Dwight Powell
26%
Atlanta Hawks 1985-1995, 2005 Kevin Willis
26%
Oklahoma City Thunder 2005-2018 Nick Collison
26%
Golden State Warriors 1951-1952, 1955-1962 Paul Arizin
26%
Dallas Mavericks 1982-1992 Rolando Blackman
26%
Houston Rockets 1971-1981 Rudy Tomjanovich
26%
Atlanta Hawks 1978-1988 Tree Rollins
26%
Atlanta Hawks 1957-1966 Cliff Hagan
21%
Boston Celtics 1966-1976 Don Nelson
21%
Sacramento Kings 1956-1966 Jack Twyman
21%
Chicago Bulls 2004-2010, 2013-2016 Kirk Hinrich
21%
Philadelphia 76ers 1955-1965 Red Kerr
21%
Detroit Pistons 2003-2013, 2015 Tayshaun Prince
21%
Utah Jazz 1996-2004, 2006 Greg Ostertag
16%
Portland Trail Blazers 1985-1995 Jerome Kersey
16%
Minnesota Timberwolves 1990-1992, 1996-2002 Sam Mitchell
16%
New York Knicks 1948-1950, 1953-1961 Carl Braun
11%
Utah Jazz 1981-1985, 1987-1991 Darrell Griffith
11%
Indiana Pacers 2000-2012 Jeff Foster
11%
Detroit Pistons 1994-2000, 2004-2008 Lindsey Hunter
11%
Houston Rockets 1978-1982, 1984-1988 Robert Reid
11%
Utah Jazz 1984-1992, 1999 Thurl Bailey
11%
Indiana Pacers 1985-1995 Vern Fleming
11%
Golden State Warriors 1961-1971 Al Attles
5%
Golden State Warriors 1967-1976 Jeff Mullins
5%
Atlanta Hawks 1986-1995 Jon Koncak
5%
Oklahoma City Thunder 1987-1998 Nate McMillan
5%
Sacramento Kings 1971-1982 Sam Lacey
5%
Boston Celtics 1961-1973 Tom Sanders
5%
Denver Nuggets 1981-1988, 1990-1991 T.R. Dunn
5%
Houston Rockets 1980-1989 Allen Leavell
0%
Cleveland Cavaliers 1991-2000 Danny Ferry
0%
Milwaukee Bucks 1976-1984, 1987 Junior Bridgeman
0%
No matching quizzes found
Score Distribution
Percent of People with Each Score
Percentile by Number Answered
Your Score History
You have not taken this quiz